Asociacion Mineral Diagnostica de Facies metamorficas - Estadísticas

Estadísticas generales
  • Esta prueba ha sido intentada 11 veces
    9 desde el último reinicio
  • La puntuación promedio es 152 de 300
Estadísticas de respuestas
Pregunta Azulejo Select % Correcto
Los minerales que es posible encontrar en la facies de esquistos azules ±barroisita No
100%
Los minerales que es posible encontrar en la facies de esquistos azules +Cuarzo No
100%
Los minerales que es posible encontrar en la facies de esquistos azules ±cummingtonita No
100%
Los minerales que es posible encontrar en la facies de esquistos azules ±distena No
100%
Los minerales que es posible encontrar en la facies de esquistos azules ±heulandita No
100%
Los minerales que es posible encontrar en la facies de esquistos azules +Hornblenda No
100%
Los minerales que es posible encontrar en la facies de esquistos azules +laumontita No
100%
Los minerales que es posible encontrar en la facies de esquistos azules +Olivino No
100%
Los minerales que es posible encontrar en la facies de esquistos azules +Ortopiroxenos No
100%
Los minerales que es posible encontrar en la facies de esquistos azules ±pargasita No
100%
Los minerales que es posible encontrar en la facies de esquistos azules +Plagioclasa No
100%
Los minerales que es posible encontrar en la facies de esquistos azules +prehnita No
100%
Los minerales que es posible encontrar en la facies de esquistos azules +pumpellyta No
100%
Los minerales que es posible encontrar en la facies de esquistos azules ±anfiboles No
86%
Los minerales que es posible encontrar en la facies de esquistos azules +Clinopiroxenos No
86%
Los minerales que es posible encontrar en la facies de esquistos azules +Glaucofana
86%
Los minerales que es posible encontrar en la facies de Anfibolitas ("Sensu Estricto") ±actinolita No
71%
Los minerales que es posible encontrar en la facies de Granulitas ±actinolita No
71%
Los minerales que es posible encontrar en la facies de Granulitas +Albita No
71%
Los minerales que es posible encontrar en la facies de sub-esquistos verdes ±anfiboles No
71%
Los minerales que es posible encontrar en la facies de Granulitas ±anfiboles No
71%
Los minerales que es posible encontrar en la facies de sub-esquistos verdes ±barroisita No
71%
Los minerales que es posible encontrar en la facies de Anfibolitas ("Sensu Estricto") ±barroisita No
71%
Los minerales que es posible encontrar en la facies de Granulitas ±barroisita No
71%
Los minerales que es posible encontrar en la facies de sub-esquistos verdes +Clinopiroxenos No
71%
Los minerales que es posible encontrar en la facies de Anfibolitas ("Sensu Estricto") +Clorita No
71%
Los minerales que es posible encontrar en la facies de Granulitas +Clorita No
71%
Los minerales que es posible encontrar en la facies de sub-esquistos verdes +Cuarzo No
71%
Los minerales que es posible encontrar en la facies de Anfibolitas ("Sensu Estricto") +Cuarzo No
71%
Los minerales que es posible encontrar en la facies de sub-esquistos verdes ±cummingtonita No
71%
Los minerales que es posible encontrar en la facies de sub-esquistos verdes ±distena No
71%
Los minerales que es posible encontrar en la facies de Granulitas ±epidota No
71%
Los minerales que es posible encontrar en la facies de sub-esquistos verdes +Fengita No
71%
Los minerales que es posible encontrar en la facies de Anfibolitas ("Sensu Estricto") +Fengita No
71%
Los minerales que es posible encontrar en la facies de Granulitas +Fengita No
71%
Los minerales que es posible encontrar en la facies de sub-esquistos verdes +Glaucofana No
71%
Los minerales que es posible encontrar en la facies de Anfibolitas ("Sensu Estricto") +Glaucofana No
71%
Los minerales que es posible encontrar en la facies de Granulitas +Glaucofana No
71%
Los minerales que es posible encontrar en la facies de sub-esquistos verdes ±granate No
71%
Los minerales que es posible encontrar en la facies de Anfibolitas ("Sensu Estricto") ±heulandita No
71%
Los minerales que es posible encontrar en la facies de Granulitas ±heulandita No
71%
Los minerales que es posible encontrar en la facies de sub-esquistos verdes +Hornblenda No
71%
Los minerales que es posible encontrar en la facies de Anfibolitas ("Sensu Estricto") +Hornblenda
71%
Los minerales que es posible encontrar en la facies de Anfibolitas ("Sensu Estricto") +laumontita No
71%
Los minerales que es posible encontrar en la facies de Granulitas +laumontita No
71%
Los minerales que es posible encontrar en la facies de sub-esquistos verdes ±lawsonita No
71%
Los minerales que es posible encontrar en la facies de Anfibolitas ("Sensu Estricto") ±lawsonita No
71%
Los minerales que es posible encontrar en la facies de Granulitas ±lawsonita No
71%
Los minerales que es posible encontrar en la facies de sub-esquistos verdes +Olivino No
71%
Los minerales que es posible encontrar en la facies de Anfibolitas ("Sensu Estricto") +Olivino No
71%
Los minerales que es posible encontrar en la facies de Granulitas +Olivino No
71%
Los minerales que es posible encontrar en la facies de sub-esquistos verdes ±onfacita No
71%
Los minerales que es posible encontrar en la facies de Granulitas ±onfacita No
71%
Los minerales que es posible encontrar en la facies de sub-esquistos verdes +Ortopiroxenos No
71%
Los minerales que es posible encontrar en la facies de Anfibolitas ("Sensu Estricto") ±paragonita No
71%
Los minerales que es posible encontrar en la facies de Granulitas ±paragonita No
71%
Los minerales que es posible encontrar en la facies de sub-esquistos verdes ±pargasita No
71%
Los minerales que es posible encontrar en la facies de Anfibolitas ("Sensu Estricto") ±pargasita No
71%
Los minerales que es posible encontrar en la facies de sub-esquistos verdes +Plagioclasa No
71%
Los minerales que es posible encontrar en la facies de Anfibolitas ("Sensu Estricto") +prehnita No
71%
Los minerales que es posible encontrar en la facies de Granulitas +prehnita No
71%
Los minerales que es posible encontrar en la facies de Anfibolitas ("Sensu Estricto") +pumpellyta No
71%
Los minerales que es posible encontrar en la facies de Granulitas +pumpellyta No
71%
Los minerales que es posible encontrar en la facies de Zeolitas ±actinolita No
57%
Los minerales que es posible encontrar en la facies de Corneanas Hbl ±actinolita No
57%
Los minerales que es posible encontrar en la facies de Corneanas Px ±actinolita No
57%
Los minerales que es posible encontrar en la facies de Zeolitas +Albita No
57%
Los minerales que es posible encontrar en la facies de Esquistos verdes +Albita
57%
Los minerales que es posible encontrar en la facies de Eclogitas +Albita No
57%
Los minerales que es posible encontrar en la facies de Corneanas Alb-Ep +Albita
57%
Los minerales que es posible encontrar en la facies de Corneanas Hbl +Albita No
57%
Los minerales que es posible encontrar en la facies de Corneanas Px +Albita No
57%
Los minerales que es posible encontrar en la facies de Zeolitas ±anfiboles No
57%
Los minerales que es posible encontrar en la facies de Esquistos verdes ±anfiboles No
57%
Los minerales que es posible encontrar en la facies de Eclogitas ±anfiboles No
57%
Los minerales que es posible encontrar en la facies de Corneanas Alb-Ep ±anfiboles No
57%
Los minerales que es posible encontrar en la facies de Corneanas Px ±anfiboles No
57%
Los minerales que es posible encontrar en la facies de Zeolitas ±barroisita No
57%
Los minerales que es posible encontrar en la facies de Esquistos verdes ±barroisita No
57%
Los minerales que es posible encontrar en la facies de Anfibolitas con Ep ±barroisita No
57%
Los minerales que es posible encontrar en la facies de Corneanas Alb-Ep ±barroisita No
57%
Los minerales que es posible encontrar en la facies de Corneanas Hbl ±barroisita No
57%
Los minerales que es posible encontrar en la facies de Corneanas Px ±barroisita No
57%
Los minerales que es posible encontrar en la facies de Zeolitas +Clinopiroxenos No
57%
Los minerales que es posible encontrar en la facies de Esquistos verdes +Clinopiroxenos No
57%
Los minerales que es posible encontrar en la facies de Eclogitas +Clinopiroxenos No
57%
Los minerales que es posible encontrar en la facies de Corneanas Alb-Ep +Clinopiroxenos No
57%
Los minerales que es posible encontrar en la facies de Zeolitas +Clorita No
57%
Los minerales que es posible encontrar en la facies de Eclogitas +Clorita No
57%
Los minerales que es posible encontrar en la facies de Corneanas Hbl +Clorita No
57%
Los minerales que es posible encontrar en la facies de Zeolitas +Cuarzo No
57%
Los minerales que es posible encontrar en la facies de Anfibolitas con Ep +Cuarzo No
57%
Los minerales que es posible encontrar en la facies de Zeolitas ±cummingtonita No
57%
Los minerales que es posible encontrar en la facies de Esquistos verdes ±cummingtonita No
57%
Los minerales que es posible encontrar en la facies de Granulitas ±cummingtonita No
57%
Los minerales que es posible encontrar en la facies de Eclogitas ±cummingtonita No
57%
Los minerales que es posible encontrar en la facies de Corneanas Alb-Ep ±cummingtonita No
57%
Los minerales que es posible encontrar en la facies de Corneanas Px ±cummingtonita No
57%
Los minerales que es posible encontrar en la facies de Zeolitas ±distena No
57%
Los minerales que es posible encontrar en la facies de Esquistos verdes ±distena No
57%
Los minerales que es posible encontrar en la facies de Anfibolitas ("Sensu Estricto") ±distena No
57%
Los minerales que es posible encontrar en la facies de Granulitas ±distena No
57%
Los minerales que es posible encontrar en la facies de Corneanas Alb-Ep ±distena No
57%
Los minerales que es posible encontrar en la facies de Corneanas Hbl ±distena No
57%
Los minerales que es posible encontrar en la facies de Corneanas Px ±distena No
57%
Los minerales que es posible encontrar en la facies de Zeolitas ±epidota No
57%
Los minerales que es posible encontrar en la facies de Esquistos verdes ±epidota
57%
Los minerales que es posible encontrar en la facies de Corneanas Alb-Ep ±epidota
57%
Los minerales que es posible encontrar en la facies de Corneanas Hbl ±epidota No
57%
Los minerales que es posible encontrar en la facies de Corneanas Px ±epidota No
57%
Los minerales que es posible encontrar en la facies de Zeolitas +Fengita No
57%
Los minerales que es posible encontrar en la facies de Esquistos verdes +Fengita No
57%
Los minerales que es posible encontrar en la facies de Anfibolitas con Ep +Fengita No
57%
Los minerales que es posible encontrar en la facies de Eclogitas +Fengita No
57%
Los minerales que es posible encontrar en la facies de Corneanas Alb-Ep +Fengita No
57%
Los minerales que es posible encontrar en la facies de Corneanas Hbl +Fengita No
57%
Los minerales que es posible encontrar en la facies de Corneanas Px +Fengita No
57%
Los minerales que es posible encontrar en la facies de Zeolitas +Glaucofana No
57%
Los minerales que es posible encontrar en la facies de Esquistos verdes +Glaucofana No
57%
Los minerales que es posible encontrar en la facies de Anfibolitas con Ep +Glaucofana No
57%
Los minerales que es posible encontrar en la facies de Corneanas Alb-Ep +Glaucofana No
57%
Los minerales que es posible encontrar en la facies de Corneanas Hbl +Glaucofana No
57%
Los minerales que es posible encontrar en la facies de Corneanas Px +Glaucofana No
57%
Los minerales que es posible encontrar en la facies de esquistos azules ±granate
57%
Los minerales que es posible encontrar en la facies de Zeolitas ±granate No
57%
Los minerales que es posible encontrar en la facies de Esquistos verdes ±granate No
57%
Los minerales que es posible encontrar en la facies de Eclogitas ±granate
57%
Los minerales que es posible encontrar en la facies de Corneanas Alb-Ep ±granate No
57%
Los minerales que es posible encontrar en la facies de Corneanas Hbl ±granate No
57%
Los minerales que es posible encontrar en la facies de Corneanas Px ±granate No
57%
Los minerales que es posible encontrar en la facies de sub-esquistos verdes ±heulandita No
57%
Los minerales que es posible encontrar en la facies de Esquistos verdes ±heulandita No
57%
Los minerales que es posible encontrar en la facies de Anfibolitas con Ep ±heulandita No
57%
Los minerales que es posible encontrar en la facies de Eclogitas ±heulandita No
57%
Los minerales que es posible encontrar en la facies de Corneanas Alb-Ep ±heulandita No
57%
Los minerales que es posible encontrar en la facies de Corneanas Hbl ±heulandita No
57%
Los minerales que es posible encontrar en la facies de Corneanas Px ±heulandita No
57%
Los minerales que es posible encontrar en la facies de Zeolitas +Hornblenda No
57%
Los minerales que es posible encontrar en la facies de Esquistos verdes +Hornblenda No
57%
Los minerales que es posible encontrar en la facies de Anfibolitas con Ep +Hornblenda
57%
Los minerales que es posible encontrar en la facies de Granulitas +Hornblenda No
57%
Los minerales que es posible encontrar en la facies de Corneanas Hbl +Hornblenda
57%
Los minerales que es posible encontrar en la facies de Corneanas Px +Hornblenda No
57%
Los minerales que es posible encontrar en la facies de sub-esquistos verdes +laumontita No
57%
Los minerales que es posible encontrar en la facies de Esquistos verdes +laumontita No
57%
Los minerales que es posible encontrar en la facies de Anfibolitas con Ep +laumontita No
57%
Los minerales que es posible encontrar en la facies de Eclogitas +laumontita No
57%
Los minerales que es posible encontrar en la facies de Corneanas Alb-Ep +laumontita No
57%
Los minerales que es posible encontrar en la facies de Corneanas Hbl +laumontita No
57%
Los minerales que es posible encontrar en la facies de Corneanas Px +laumontita No
57%
Los minerales que es posible encontrar en la facies de Zeolitas ±lawsonita No
57%
Los minerales que es posible encontrar en la facies de Esquistos verdes ±lawsonita No
57%
Los minerales que es posible encontrar en la facies de Anfibolitas con Ep ±lawsonita No
57%
Los minerales que es posible encontrar en la facies de Corneanas Alb-Ep ±lawsonita No
57%
Los minerales que es posible encontrar en la facies de Corneanas Hbl ±lawsonita No
57%
Los minerales que es posible encontrar en la facies de Corneanas Px ±lawsonita No
57%
Los minerales que es posible encontrar en la facies de Zeolitas +Olivino No
57%
Los minerales que es posible encontrar en la facies de Esquistos verdes +Olivino No
57%
Los minerales que es posible encontrar en la facies de Anfibolitas con Ep +Olivino No
57%
Los minerales que es posible encontrar en la facies de Eclogitas +Olivino No
57%
Los minerales que es posible encontrar en la facies de Corneanas Alb-Ep +Olivino No
57%
Los minerales que es posible encontrar en la facies de Zeolitas ±onfacita No
57%
Los minerales que es posible encontrar en la facies de Esquistos verdes ±onfacita No
57%
Los minerales que es posible encontrar en la facies de Anfibolitas ("Sensu Estricto") ±onfacita No
57%
Los minerales que es posible encontrar en la facies de Anfibolitas con Ep ±onfacita No
57%
Los minerales que es posible encontrar en la facies de Eclogitas ±onfacita
57%
Los minerales que es posible encontrar en la facies de Corneanas Alb-Ep ±onfacita No
57%
Los minerales que es posible encontrar en la facies de Corneanas Hbl ±onfacita No
57%
Los minerales que es posible encontrar en la facies de Corneanas Px ±onfacita No
57%
Los minerales que es posible encontrar en la facies de Zeolitas +Ortopiroxenos No
57%
Los minerales que es posible encontrar en la facies de Esquistos verdes +Ortopiroxenos No
57%
Los minerales que es posible encontrar en la facies de Anfibolitas ("Sensu Estricto") +Ortopiroxenos No
57%
Los minerales que es posible encontrar en la facies de Anfibolitas con Ep +Ortopiroxenos No
57%
Los minerales que es posible encontrar en la facies de Eclogitas +Ortopiroxenos No
57%
Los minerales que es posible encontrar en la facies de Corneanas Alb-Ep +Ortopiroxenos No
57%
Los minerales que es posible encontrar en la facies de Corneanas Hbl +Ortopiroxenos No
57%
Los minerales que es posible encontrar en la facies de sub-esquistos verdes ±paragonita No
57%
Los minerales que es posible encontrar en la facies de Zeolitas ±paragonita No
57%
Los minerales que es posible encontrar en la facies de Esquistos verdes ±paragonita No
57%
Los minerales que es posible encontrar en la facies de Anfibolitas con Ep ±paragonita No
57%
Los minerales que es posible encontrar en la facies de Eclogitas ±paragonita No
57%
Los minerales que es posible encontrar en la facies de Corneanas Alb-Ep ±paragonita No
57%
Los minerales que es posible encontrar en la facies de Corneanas Hbl ±paragonita No
57%
Los minerales que es posible encontrar en la facies de Corneanas Px ±paragonita No
57%
Los minerales que es posible encontrar en la facies de Zeolitas ±pargasita No
57%
Los minerales que es posible encontrar en la facies de Esquistos verdes ±pargasita No
57%
Los minerales que es posible encontrar en la facies de Anfibolitas con Ep ±pargasita No
57%
Los minerales que es posible encontrar en la facies de Eclogitas ±pargasita No
57%
Los minerales que es posible encontrar en la facies de Corneanas Alb-Ep ±pargasita No
57%
Los minerales que es posible encontrar en la facies de Corneanas Hbl ±pargasita No
57%
Los minerales que es posible encontrar en la facies de Corneanas Px ±pargasita No
57%
Los minerales que es posible encontrar en la facies de Zeolitas +Plagioclasa No
57%
Los minerales que es posible encontrar en la facies de Esquistos verdes +Plagioclasa No
57%
Los minerales que es posible encontrar en la facies de Granulitas +Plagioclasa
57%
Los minerales que es posible encontrar en la facies de Eclogitas +Plagioclasa No
57%
Los minerales que es posible encontrar en la facies de Corneanas Alb-Ep +Plagioclasa No
57%
Los minerales que es posible encontrar en la facies de Esquistos verdes +prehnita No
57%
Los minerales que es posible encontrar en la facies de Anfibolitas con Ep +prehnita No
57%
Los minerales que es posible encontrar en la facies de Eclogitas +prehnita No
57%
Los minerales que es posible encontrar en la facies de Corneanas Alb-Ep +prehnita No
57%
Los minerales que es posible encontrar en la facies de Corneanas Hbl +prehnita No
57%
Los minerales que es posible encontrar en la facies de Corneanas Px +prehnita No
57%
Los minerales que es posible encontrar en la facies de Esquistos verdes +pumpellyta No
57%
Los minerales que es posible encontrar en la facies de Anfibolitas con Ep +pumpellyta No
57%
Los minerales que es posible encontrar en la facies de Eclogitas +pumpellyta No
57%
Los minerales que es posible encontrar en la facies de Corneanas Alb-Ep +pumpellyta No
57%
Los minerales que es posible encontrar en la facies de Corneanas Hbl +pumpellyta No
57%
Los minerales que es posible encontrar en la facies de Corneanas Px +pumpellyta No
57%
Los minerales que es posible encontrar en la facies de sub-esquistos verdes ±actinolita
43%
Los minerales que es posible encontrar en la facies de Esquistos verdes ±actinolita
43%
Los minerales que es posible encontrar en la facies de Anfibolitas con Ep ±actinolita No
43%
Los minerales que es posible encontrar en la facies de sub-esquistos verdes +Albita No
43%
Los minerales que es posible encontrar en la facies de Anfibolitas ("Sensu Estricto") +Albita No
43%
Los minerales que es posible encontrar en la facies de Anfibolitas ("Sensu Estricto") ±anfiboles No
43%
Los minerales que es posible encontrar en la facies de Anfibolitas con Ep +Clinopiroxenos No
43%
Los minerales que es posible encontrar en la facies de Granulitas +Clinopiroxenos
43%
Los minerales que es posible encontrar en la facies de Corneanas Px +Clinopiroxenos
43%
Los minerales que es posible encontrar en la facies de esquistos azules +Clorita
43%
Los minerales que es posible encontrar en la facies de Esquistos verdes +Clorita
43%
Los minerales que es posible encontrar en la facies de Corneanas Px +Clorita No
43%
Los minerales que es posible encontrar en la facies de Eclogitas +Cuarzo No
43%
Los minerales que es posible encontrar en la facies de Anfibolitas con Ep ±distena No
43%
Los minerales que es posible encontrar en la facies de sub-esquistos verdes ±epidota No
43%
Los minerales que es posible encontrar en la facies de Anfibolitas ("Sensu Estricto") ±epidota No
43%
Los minerales que es posible encontrar en la facies de Anfibolitas con Ep ±epidota
43%
Los minerales que es posible encontrar en la facies de esquistos azules +Fengita
43%
Los minerales que es posible encontrar en la facies de Granulitas ±granate
43%
Los minerales que es posible encontrar en la facies de Eclogitas +Hornblenda No
43%
Los minerales que es posible encontrar en la facies de Corneanas Alb-Ep +Hornblenda No
43%
Los minerales que es posible encontrar en la facies de Zeolitas +laumontita
43%
Los minerales que es posible encontrar en la facies de Corneanas Hbl +Olivino No
43%
Los minerales que es posible encontrar en la facies de Anfibolitas ("Sensu Estricto") +Plagioclasa
43%
Los minerales que es posible encontrar en la facies de Corneanas Hbl +Plagioclasa
43%
Los minerales que es posible encontrar en la facies de Zeolitas +pumpellyta No
43%
Los minerales que es posible encontrar en la facies de esquistos azules +Albita
29%
Los minerales que es posible encontrar en la facies de Anfibolitas con Ep ±anfiboles No
29%
Los minerales que es posible encontrar en la facies de sub-esquistos verdes +Clorita No
29%
Los minerales que es posible encontrar en la facies de Corneanas Alb-Ep +Clorita
29%
Los minerales que es posible encontrar en la facies de Esquistos verdes +Cuarzo
29%
Los minerales que es posible encontrar en la facies de Granulitas +Cuarzo
29%
Los minerales que es posible encontrar en la facies de Corneanas Px +Cuarzo
29%
Los minerales que es posible encontrar en la facies de Anfibolitas con Ep ±cummingtonita No
29%
Los minerales que es posible encontrar en la facies de Anfibolitas ("Sensu Estricto") ±granate
29%
Los minerales que es posible encontrar en la facies de Zeolitas ±heulandita
29%
Los minerales que es posible encontrar en la facies de esquistos azules ±lawsonita
29%
Los minerales que es posible encontrar en la facies de Granulitas +Ortopiroxenos
29%
Los minerales que es posible encontrar en la facies de Corneanas Px +Ortopiroxenos
29%
Los minerales que es posible encontrar en la facies de esquistos azules ±paragonita
29%
Los minerales que es posible encontrar en la facies de Anfibolitas con Ep +Plagioclasa No
29%
Los minerales que es posible encontrar en la facies de Corneanas Px +Plagioclasa
29%
Los minerales que es posible encontrar en la facies de sub-esquistos verdes +prehnita
29%
Los minerales que es posible encontrar en la facies de Zeolitas +prehnita No
29%
Los minerales que es posible encontrar en la facies de sub-esquistos verdes +pumpellyta
29%
Los minerales que es posible encontrar en la facies de Corneanas Alb-Ep ±actinolita
14%
Los minerales que es posible encontrar en la facies de Sanidinitas ±actinolita No
14%
Los minerales que es posible encontrar en la facies de Sanidinitas ±anfiboles No
14%
Los minerales que es posible encontrar en la facies de Sanidinitas ±barroisita No
14%
Los minerales que es posible encontrar en la facies de Sanidinitas +Clorita No
14%
Los minerales que es posible encontrar en la facies de Sanidinitas +Cuarzo No
14%
Los minerales que es posible encontrar en la facies de Sanidinitas ±cummingtonita No
14%
Los minerales que es posible encontrar en la facies de Sanidinitas ±distena No
14%
Los minerales que es posible encontrar en la facies de esquistos azules ±epidota
14%
Los minerales que es posible encontrar en la facies de Sanidinitas ±epidota No
14%
Los minerales que es posible encontrar en la facies de Sanidinitas +Fengita No
14%
Los minerales que es posible encontrar en la facies de Eclogitas +Glaucofana
14%
Los minerales que es posible encontrar en la facies de Sanidinitas +Glaucofana No
14%
Los minerales que es posible encontrar en la facies de Anfibolitas con Ep ±granate
14%
Los minerales que es posible encontrar en la facies de Sanidinitas ±granate No
14%
Los minerales que es posible encontrar en la facies de Sanidinitas ±heulandita No
14%
Los minerales que es posible encontrar en la facies de Sanidinitas +laumontita No
14%
Los minerales que es posible encontrar en la facies de Sanidinitas ±lawsonita No
14%
Los minerales que es posible encontrar en la facies de Corneanas Px +Olivino
14%
Los minerales que es posible encontrar en la facies de esquistos azules ±onfacita
14%
Los minerales que es posible encontrar en la facies de Sanidinitas ±onfacita No
14%
Los minerales que es posible encontrar en la facies de Sanidinitas ±paragonita No
14%
Los minerales que es posible encontrar en la facies de Sanidinitas ±pargasita No
14%
Los minerales que es posible encontrar en la facies de Sanidinitas +prehnita No
14%
Los minerales que es posible encontrar en la facies de Sanidinitas +pumpellyta No
14%
Los minerales que es posible encontrar en la facies de esquistos azules ±actinolita
0%
Los minerales que es posible encontrar en la facies de Eclogitas ±actinolita
0%
Los minerales que es posible encontrar en la facies de Anfibolitas con Ep +Albita
0%
Los minerales que es posible encontrar en la facies de Sanidinitas +Albita No
0%
Los minerales que es posible encontrar en la facies de Corneanas Hbl ±anfiboles
0%
Los minerales que es posible encontrar en la facies de Eclogitas ±barroisita
0%
Los minerales que es posible encontrar en la facies de Anfibolitas ("Sensu Estricto") +Clinopiroxenos
0%
Los minerales que es posible encontrar en la facies de Corneanas Hbl +Clinopiroxenos
0%
Los minerales que es posible encontrar en la facies de Sanidinitas +Clinopiroxenos
0%
Los minerales que es posible encontrar en la facies de Anfibolitas con Ep +Clorita
0%
Los minerales que es posible encontrar en la facies de Corneanas Alb-Ep +Cuarzo
0%
Los minerales que es posible encontrar en la facies de Corneanas Hbl +Cuarzo
0%
Los minerales que es posible encontrar en la facies de Anfibolitas ("Sensu Estricto") ±cummingtonita
0%
Los minerales que es posible encontrar en la facies de Corneanas Hbl ±cummingtonita
0%
Los minerales que es posible encontrar en la facies de Eclogitas ±distena
0%
Los minerales que es posible encontrar en la facies de Eclogitas ±epidota
0%
Los minerales que es posible encontrar en la facies de Sanidinitas +Hornblenda No
0%
Los minerales que es posible encontrar en la facies de Eclogitas ±lawsonita
0%
Los minerales que es posible encontrar en la facies de Sanidinitas +Olivino
0%
Los minerales que es posible encontrar en la facies de Sanidinitas +Ortopiroxenos
0%
Los minerales que es posible encontrar en la facies de Granulitas ±pargasita
0%
Los minerales que es posible encontrar en la facies de Sanidinitas +Plagioclasa
0%
No se encontraron pruebas coincidentes
Distribución de puntuación
Porcentaje de gente con cada puntuación
Porcentaje por número respondido
Historial de tus puntuaciones
No has intentado esta prueba desde el último reinicio